| Tag |
First Indicator |
Second Indicator |
Subfields |
| LEADER |
00000cas a2200000 a 4500 |
| 001 |
in00002784928 |
| 005 |
20151202171817.0 |
| 008 |
100316c20099999nyu x s i0 0eng c |
| 010 |
|
|
|a 2010238954
|
| 035 |
|
|
|a (OCoLC)ocn556651117
|
| 040 |
|
|
|a COD
|c COD
|d IUL
|d COD
|d TXA
|d UtOrBLW
|
| 042 |
|
|
|a pcc
|
| 049 |
|
|
|a TXAM
|
| 050 |
1 |
4 |
|a HQ1060
|b .P67
|
| 086 |
|
|
|a ST/ESA/SER.A/290, etc.
|2 undocs
|
| 245 |
0 |
0 |
|a Population ageing and development.
|
| 246 |
1 |
3 |
|a Population aging and development
|
| 264 |
|
1 |
|a New York, N.Y. :
|b United Nations,
|c [2009-]
|
| 264 |
|
4 |
|c ©2009-
|
| 300 |
|
|
|a charts ;
|c 94 x 61 cm., folded to 32 x 21 cm.
|
| 310 |
|
|
|a Irregular
|
| 336 |
|
|
|a still image
|b sti
|2 rdacontent
|
| 337 |
|
|
|a unmediated
|b n
|2 rdamedia
|
| 338 |
|
|
|a unspecified
|b zu
|2 rdacarrier
|
| 362 |
1 |
|
|a Began with 2009.
|
| 500 |
|
|
|a In the form of posters.
|
| 530 |
|
|
|a Also freely available online.
|
| 588 |
|
|
|a Description based on: 2009; title from cover.
|
| 588 |
|
|
|a Latest issue consulted: 2012.
|
| 500 |
|
|
|a Chart.
|
| 650 |
|
0 |
|a Older people
|v Statistics
|v Periodicals.
|
| 650 |
|
0 |
|a Age distribution (Demography)
|v Statistics
|v Periodicals.
|
| 650 |
|
0 |
|a Population aging
|v Statistics
|v Periodicals.
|
| 650 |
|
0 |
|a Aging
|v Statistics
|v Periodicals.
|
| 650 |
|
0 |
|a Population forecasting
|v Periodicals.
|
| 650 |
|
0 |
|a Population
|v Statistics
|v Periodicals.
|
| 710 |
2 |
|
|a United Nations.
|b Department of Economic and Social Affairs.
|b Population Division.
|
| 780 |
0 |
0 |
|t Population ageing
|w (DLC) 2002260268
|w (OCoLC)49994709
|
| 994 |
|
|
|a C0
|b TXA
|
| 948 |
|
|
|a cataloged
|b h
|c 2012/12/12
|d c
|e coplinger
|f 9:03:56 am
|
| 999 |
|
|
|a MARS
|
| 999 |
f |
f |
|s c9f1861a-e23d-30f8-a641-a4622628f1d2
|i 90ca95fb-c815-33f2-8901-c6b51d7dff91
|t 0
|
| 952 |
f |
f |
|p ric
|a Texas A&M University
|b Rellis Campus
|c Joint Library Facility
|d Remote Storage
|t 0
|e HQ1060 .P67
|h Library of Congress classification
|i unspecified -- unspecified
|k 2012
|m A14852587220
|
| 952 |
f |
f |
|p ric
|a Texas A&M University
|b Rellis Campus
|c Joint Library Facility
|d Remote Storage
|t 0
|e HQ1060 .P67
|h Library of Congress classification
|i unspecified -- unspecified
|k 2009
|m A14852587238
|
| 998 |
f |
f |
|a HQ1060 .P67
|s 2009-2012
|t 0
|l Remote Storage
|